000 01145cam a2200133 4500500
005 20251214002607.0
041 _afre
042 _adc
100 1 0 _aFranco, Bernard
_eauthor
245 0 0 _aLa littérature comparée : Histoire, domaines, méthodes
260 _bArmand Colin,
_c2016.
520 _aLa littérature comparée est une discipline phare pour l’étudiant de lettres. Elle apparaît dans le cursus universitaire dès la première année. Cet ouvrage, destiné à tous, invite le lecteur à un voyage réflexif des sources de la littérature comparée aux pratiques contemporaines. Longtemps associée à l’histoire littéraire, puis partagée entre approches historiques et théoriques, elle a su redéfinir et diversifier ses méthodes et ses domaines, et se tourner vers une interdisciplinarité plus ouverte. Proche des transformations du monde, elle a été confrontée aux défis du multiculturalisme et de la mondialisation, et a aidé à repenser les grandes aires culturelles du monde postcolonial.
856 4 1 _uhttps://shs.cairn.info/la-litterature-comparee--9782200272180?lang=fr&redirect-ssocas=7080
999 _c1567199
_d1567199